000 00508cam a2200193 4500
008 090401t1970 xxu||||| |||| 00| 0 eng d
020 _a0117502553
035 _a(Sirsi) u14321
041 _aeng
050 _a336.21
110 _aMinistry of Housing and Local Government
_91285
245 _aRate rebates in England and Wales 1969-70.
260 _aLondon
_bHMSO
_c1970
300 _a67p. ; 25cm
350 _a0
710 _aUnited Kingdom
_bWelsh Office
_91214
942 _n0
948 _c04/03/1997
999 _c87172
_d87172